Sports Quiz

Random Sports or Cricket Quiz

Youngest English men's Test cricketers this century Quiz Stats

 Plays Quiz not verified by Sporcle

Support Sporcle.
Go Orange.
Score 0/25 Timer 06:00
0 Plays Today
Year of debut Answer % Correct
2007Stuart Broad
96.2%
2003James Anderson
85.1%
2006Alastair Cook
83.6%
2012Joe Root
83.4%
2004Ian Bell
74.4%
2018Ollie Pope
70.4%
2013Ben Stokes
70.4%
2019Zak Crawley
66%
2018Sam Curran
62.1%
2017Tom Curran
61.8%
2012Jonny Bairstow
58.5%
1998Andrew Flintoff
56.3%
2018Dom Bess
54.6%
Year of debut Answer % Correct
2003Kabir Ali
49.9%
2010Steve Finn
41.6%
2016Haseeb Hameed
40.1%
2018Mason Crane
28.9%
2007Ravi Bopara
23.3%
2012James Taylor
21.5%
2005Liam Plunkett
21.1%
2016Ben Duckett
14.2%
2001Richard Dawson
11.9%
2001James Foster
9.9%
2000Chris Schofield
6.6%
2003Rikki Clarke
4.3%

You're not logged in!

Compare scores with friends on all Sporcle quizzes.
OR
Log In

From the Vault

Remove Ads.
Support Sporcle.
Get the best of Sporcle when you Go Orange. This ad-free experience offers more features, more stats, and more fun while also helping to support Sporcle. Thank you for becoming a member.

Show Comments

Extras

Created Apr 18, 2021ReportNominate
Tags:Cricket Quiz

Top Quizzes Today


Score Distribution

Your Account Isn't Verified!

In order to create a playlist on Sporcle, you need to verify the email address you used during registration. Go to your Sporcle Settings to finish the process.

Report this User

Report this user for behavior that violates our Community Guidelines.

Details: